| 000 | 00530nam a2200169 a 4500 | ||
|---|---|---|---|
| 001 | 000040981 | ||
| 005 | 20201002034527.0 | ||
| 008 | 130912s1997 xxub 000 0 eng d | ||
| 020 | _a0877795460 | ||
| 040 |
_aDO-SdBNP _beng _cBNPHU |
||
| 082 |
_axxxxx _bxxxx |
||
| 245 | 0 | 0 |
_aMerriam-Webster's Geographical Dictionary. / _cpreface, Daniel J. Hopkins. |
| 250 | _a3a. ed. | ||
| 260 |
_aSpringfield, Massachusetts, U.S.A., : _bMerriam-Webster, _c1997. |
||
| 300 |
_a26a, 1361 : _bmap. ; _c24 cm. |
||
| 700 | 1 |
_aHopkins, Daniel J. _967416 |
|
| 999 |
_c40471 _d40471 |
||